[Event "Wohlen op 3rd"]
[Site "Wohlen"]
[Date "2022.08.20"]
[Round "3"]
[White "Paholok, Igor"]
[Black "Upadhyaya, Aamod"]
[Result "0-1"]
[WhiteElo "1728"]
[BlackElo "1610"]
[PlyCount "108"]
[EventDate "2022.08.19"]
[EventType "swiss"]
[EventRounds "5"]
[EventCountry "SUI"]
[SourceTitle "CBM 210 Extra"]
[Source "ChessBase"]
[SourceDate "2022.11.30"]
[SourceVersion "1"]
[SourceVersionDate "2022.11.30"]
[SourceQuality "1"]

1. e4 e5 2. Nf3 Nc6 3. Nc3 Bc5 4. a4 a5 5. Bd3 d6 6. 0-0 Bg4 7. h3 Bh5 8. Nd5 Nd4 9. g4 Bg6 10. c3 Nxf3+ 11. Qxf3 c6 12. Ne3 Qg5 13. Nf5 Bxf5 14. Qxf5 Qxf5 15. exf5 f6 16. Kg2 d5 17. f3 Kf7 18. Bc2 Ne7 19. d3 Rad8 20. f4 Bd6 21. fxe5 Bxe5 22. Be3 Rhe8 23. Bb6 Ra8 24. Rae1 Bd6 25. Re6 Nc8 26. Rxe8 Kxe8 27. Re1+ Kd7 28. Bf2 Bc7 29. Kf3 Nd6 30. Bb3 Nf7 31. Bc2 Re8 32. Rxe8 Kxe8 33. d4 Kd7 34. h4 Bd6 35. Be3 h6 36. Bb3 Be7 37. c4 dxc4 38. Bxc4 Nd6 39. Be6+ Kc7 40. Bf4 Kb6 41. g5 hxg5 42. hxg5 fxg5 43. Be5 Ne8 44. Kg4 Bf6 45. Kh5 c5 46. dxc5+ Kxc5 47. Bxf6 gxf6 48. b3 Kd6 49. Kg6 Ke5 50. Bc4 Nd6 51. Bd3 b6 52. Kh5 Nxf5 53. Kg4 Nd4 54. Bg6 Nxb3 0-1

[Event "Schaffhausen op"]
[Site "Schaffhausen"]
[Date "2022.03.20"]
[Round "4"]
[White "Fischer, Thomas"]
[Black "Upadhyaya, Aamod"]
[Result "1/2-1/2"]
[WhiteElo "1922"]
[BlackElo "1586"]
[PlyCount "112"]
[EventDate "2022.03.18"]
[EventType "swiss"]
[EventRounds "5"]
[EventCountry "SUI"]
[SourceTitle "CBM 207 Extra"]
[Source "ChessBase"]
[SourceDate "2022.05.31"]
[SourceVersion "1"]
[SourceVersionDate "2022.05.31"]
[SourceQuality "1"]

1. e4 e5 2. Nf3 Nc6 3. Bc4 Bc5 4. b4 Bb6 5. a4 a6 6. 0-0 Nf6 7. Bb2 d6 8. d4 exd4 9. Nxd4 Ne5 10. Nd2 0-0 11. Qe2 Re8 12. Bd3 d5 13. N4f3 Nxd3 14. cxd3 dxe4 15. dxe4 Bf5 16. Rad1 Nxe4 17. Nxe4 Qe7 18. Nf6+ gxf6 19. Qxe7 Rxe7 20. a5 Ba7 21. Bxf6 Re4 22. Nd4 Bxd4 23. Rxd4 Rxd4 24. Bxd4 Rd8 25. Bf6 Rd7 26. Re1 h5 27. f3 Kh7 28. h3 Kg6 29. Bh4 Be6 30. Re5 Rd5 31. Rxd5 Bxd5 32. Bd8 c6 33. Kf2 Bc4 34. g4 Bd5 35. Kg3 hxg4 36. fxg4 Bh1 37. Kf4 Bd5 38. h4 Be6 39. Be7 Bd7 40. h5+ Kh6 41. Bf8+ Kh7 42. g5 Be6 43. Bc5 Kg7 44. Ke5 Bg4 45. h6+ Kg6 46. Be7 Be2 47. Kd6 Bb5 48. Kc7 Kh7 49. Kxb7 Kg6 50. Kb6 Kh7 51. Kc5 Kg6 52. Kd6 Kh7 53. Bd8 Kg6 54. Ke7 Bc4 55. Kf8 Kh7 56. Be7 Bd5 1/2-1/2